[Event "CZE-chT2B 1819"]
[Site "Czech Republic"]
[Date "2019.02.24"]
[Round "9.8"]
[White "Klakurka, Stanislav"]
[Black "Postl, Petr"]
[Result "1-0"]
[WhiteElo "1917"]
[BlackElo "2024"]
[PlyCount "47"]
[EventDate "2018.10.14"]
[EventType "team-tourn"]
[EventRounds "11"]
[EventCountry "CZE"]
[SourceTitle "EXT 2022"]
[Source "ChessBase"]
[SourceDate "2021.10.06"]
[SourceVersion "1"]
[SourceVersionDate "2021.10.06"]
[SourceQuality "1"]
[WhiteTeam "Louny Union"]
[BlackTeam "Karlovy Vary Tietz"]
[WhiteTeamCountry "CZE"]
[BlackTeamCountry "CZE"]

1. d4 f5 2. Nc3 e6 3. e4 fxe4 4. Nxe4 Nf6 5. Nxf6+ Qxf6 6. Nf3 Nc6 7. Bb5 d5 8. Ne5 Bd7 9. Qh5+ g6 10. Nxd7 Kxd7 11. Qg5 Qxd4 12. 0-0 Be7 13. Qh6 a6 14. Be2 Raf8 15. c4 Qh4 16. cxd5 Nd4 17. dxe6+ Kc8 18. Bd1 Qf6 19. Qe3 Re8 20. Bd2 Kb8 21. Bc3 c5 22. b4 Rhf8 23. Rb1 Qxe6 24. Bxd4 1-0

[Event "CZE-chT2B 1819"]
[Site "Czech Republic"]
[Date "2018.11.04"]
[Round "2.7"]
[White "Molkanov, Oleg"]
[Black "Klakurka, Stanislav"]
[Result "1-0"]
[WhiteElo "2020"]
[BlackElo "1917"]
[PlyCount "41"]
[EventDate "2018.10.14"]
[EventType "team-tourn"]
[EventRounds "11"]
[EventCountry "CZE"]
[SourceTitle "EXT 2022"]
[Source "ChessBase"]
[SourceDate "2021.10.06"]
[SourceVersion "1"]
[SourceVersionDate "2021.10.06"]
[SourceQuality "1"]
[WhiteTeam "Kobylisy"]
[BlackTeam "Louny Union"]
[WhiteTeamCountry "CZE"]
[BlackTeamCountry "CZE"]

1. d4 Nf6 2. Nf3 e6 3. g3 Be7 4. c4 d5 5. Bg2 0-0 6. 0-0 Nbd7 7. Qc2 c6 8. Nbd2 b6 9. e4 dxe4 10. Nxe4 Nxe4 11. Qxe4 Nf6 12. Qxc6 Bd7 13. Qb7 Rb8 14. Qa6 b5 15. Bf4 bxc4 16. Bxb8 Qxb8 17. Ne5 Bb5 18. Qb7 Qxb7 19. Bxb7 Rb8 20. Bc6 c3 21. Rfb1 1-0

[Event "Teplice op 10th"]
[Site "Teplice"]
[Date "2015.06.17"]
[Round "5"]
[White "Korinek, Bohuslav"]
[Black "Klakurka, Stanislav"]
[Result "1/2-1/2"]
[WhiteElo "1822"]
[BlackElo "1919"]
[PlyCount "62"]
[EventDate "2015.06.13"]
[EventType "swiss"]
[EventRounds "9"]
[EventCountry "CZE"]
[SourceTitle "EXT 2017"]
[Source "ChessBase"]
[SourceDate "2016.10.25"]
[SourceVersion "1"]
[SourceVersionDate "2016.10.25"]
[SourceQuality "1"]

1. d4 Nf6 2. Nf3 g6 3. Bf4 Bg7 4. e3 0-0 5. h3 c5 6. c3 Qb6 7. Qc1 d5 8. Nbd2 Nc6 9. Be2 cxd4 10. exd4 Bf5 11. 0-0 h5 12. Re1 a5 13. Nh4 Bd7 14. Bd3 Rac8 15. Qb1 Nd8 16. Nhf3 Ne6 17. Be3 Bb5 18. Ne5 Bxd3 19. Nxd3 Qc7 20. Ne5 Nd7 21. f4 Nxe5 22. fxe5 b5 23. Nf3 a4 24. a3 Qc4 25. Nd2 Qc6 26. Qd3 Kh7 27. Rf1 f5 28. exf6 exf6 29. Nf3 Qc4 30. Qd2 Rce8 31. Ne1 Nd8 1/2-1/2

[Event "Teplice op 10th"]
[Site "Teplice"]
[Date "2015.06.13"]
[Round "1"]
[White "Carstensen, Jacob"]
[Black "Klakurka, Stanislav"]
[Result "1-0"]
[WhiteElo "2358"]
[BlackElo "1919"]
[PlyCount "57"]
[EventDate "2015.06.13"]
[EventType "swiss"]
[EventRounds "9"]
[EventCountry "CZE"]
[SourceTitle "EXT 2017"]
[Source "ChessBase"]
[SourceDate "2016.10.25"]
[SourceVersion "1"]
[SourceVersionDate "2016.10.25"]
[SourceQuality "1"]

1. d4 d5 2. c4 c6 3. Nf3 Nf6 4. Nc3 e6 5. Bg5 Be7 6. e3 Nbd7 7. cxd5 exd5 8. Bd3 0-0 9. Qc2 Re8 10. h3 Nf8 11. Bf4 Ne6 12. Be5 g6 13. 0-0-0 Ng7 14. g4 Bd6 15. Kb1 Bxe5 16. Nxe5 Nd7 17. Nxd7 Bxd7 18. Rdg1 c5 19. dxc5 d4 20. exd4 Bc6 21. d5 Bxd5 22. Nxd5 Qxd5 23. Bc4 Qe5 24. f4 Qe4 25. Qxe4 Rxe4 26. Bd5 Rb4 27. a3 Rxf4 28. Bxb7 Rb8 29. c6 1-0

[Event "Teplice op 8th"]
[Site "Teplice"]
[Date "2013.06.24"]
[Round "9"]
[White "Klakurka, Stanislav"]
[Black "Kozak, Milos"]
[Result "1/2-1/2"]
[WhiteElo "1936"]
[BlackElo "2166"]
[PlyCount "60"]
[EventDate "2013.06.15"]
[EventType "swiss"]
[EventRounds "9"]
[EventCountry "CZE"]
[SourceTitle "CBM 155 Extra"]
[Source "ChessBase"]
[SourceDate "2013.08.26"]
[SourceVersion "1"]
[SourceVersionDate "2013.08.26"]
[SourceQuality "1"]

1. d4 d5 2. c4 c6 3. Nf3 Nf6 4. Nc3 e6 5. cxd5 exd5 6. Bg5 Be7 7. e3 Bf5 8. Bd3 Bxd3 9. Qxd3 Nbd7 10. 0-0 0-0 11. a3 Ne4 12. Bxe7 Qxe7 13. b4 a6 14. Na4 b5 15. Nc5 Ndxc5 16. dxc5 a5 17. Nd4 Qc7 18. Nb3 a4 19. Nd4 g6 20. Rad1 Rae8 21. f3 Ng5 22. Rfe1 f5 23. Nxb5 cxb5 24. Qxb5 Rd8 25. Qxa4 Ne6 26. Qb3 Qc6 27. a4 Rd7 28. Rc1 Rc8 29. Rc2 Rdc7 30. Rec1 Kf7 1/2-1/2

[Event "Teplice op 8th"]
[Site "Teplice"]
[Date "2013.06.20"]
[Round "6"]
[White "Klakurka, Stanislav"]
[Black "Babicka, Michal"]
[Result "1-0"]
[WhiteElo "1936"]
[BlackElo "1710"]
[PlyCount "37"]
[EventDate "2013.06.15"]
[EventType "swiss"]
[EventRounds "9"]
[EventCountry "CZE"]
[SourceTitle "CBM 155 Extra"]
[Source "ChessBase"]
[SourceDate "2013.08.26"]
[SourceVersion "1"]
[SourceVersionDate "2013.08.26"]
[SourceQuality "1"]

1. e4 c5 2. Nf3 Nc6 3. c3 d6 4. d4 cxd4 5. cxd4 g6 6. Nc3 Bg7 7. Be3 Nf6 8. h3 0-0 9. Be2 b6 10. d5 Ne5 11. Nd4 Bb7 12. 0-0 Ned7 13. f3 Nc5 14. b4 Na6 15. Qb3 Nc7 16. Rac1 Ba6 17. Bxa6 Nxa6 18. Ncb5 Nb8 19. Nc7 1-0

[Event "Teplice op 8th"]
[Site "Teplice"]
[Date "2013.06.19"]
[Round "5"]
[White "Steiner, Bruno"]
[Black "Klakurka, Stanislav"]
[Result "1-0"]
[WhiteElo "2169"]
[BlackElo "1936"]
[PlyCount "59"]
[EventDate "2013.06.15"]
[EventType "swiss"]
[EventRounds "9"]
[EventCountry "CZE"]
[SourceTitle "CBM 155 Extra"]
[Source "ChessBase"]
[SourceDate "2013.08.26"]
[SourceVersion "1"]
[SourceVersionDate "2013.08.26"]
[SourceQuality "1"]

1. c4 e6 2. g3 d5 3. Bg2 c6 4. Nf3 Nf6 5. 0-0 Nbd7 6. b3 Bd6 7. Bb2 0-0 8. d3 e5 9. cxd5 Nxd5 10. Nbd2 f6 11. d4 exd4 12. Nxd4 Ne5 13. a3 Ne7 14. Qc2 Qb6 15. e4 Qc5 16. Qb1 Qb6 17. b4 c5 18. bxc5 Bxc5 19. N2b3 N7c6 20. Nxc5 Qxc5 21. Rc1 Qe7 22. f4 Ng4 23. Nxc6 bxc6 24. Bd4 Rd8 25. Bc5 Rd1+ 26. Bf1 Rxc1 27. Qxc1 Qxe4 28. Qc4+ Qd5 29. Rd1 Qe6 30. f5 1-0

[Event "Teplice op 8th"]
[Site "Teplice"]
[Date "2013.06.18"]
[Round "4"]
[White "Klakurka, Stanislav"]
[Black "Rubes, Jan"]
[Result "1/2-1/2"]
[WhiteElo "1936"]
[BlackElo "2139"]
[PlyCount "79"]
[EventDate "2013.06.15"]
[EventType "swiss"]
[EventRounds "9"]
[EventCountry "CZE"]
[SourceTitle "CBM 155 Extra"]
[Source "ChessBase"]
[SourceDate "2013.08.26"]
[SourceVersion "1"]
[SourceVersionDate "2013.08.26"]
[SourceQuality "1"]

1. d4 Nf6 2. c4 g6 3. Nc3 Bg7 4. e4 d6 5. f3 0-0 6. Be3 c5 7. Nge2 Nc6 8. dxc5 dxc5 9. Qxd8 Rxd8 10. Bxc5 Nd7 11. Ba3 Nde5 12. Nf4 Nd4 13. 0-0-0 Bh6 14. Ncd5 e6 15. Kb1 exd5 16. Nxd5 Nec6 17. b4 Ne6 18. b5 Ne5 19. Be7 Rd7 20. Nf6+ Kg7 21. Nxd7 Nxd7 22. h4 Be3 23. Ba3 Bf4 24. Rg1 Bg3 25. Rh1 a6 26. Bb2+ Be5 27. g3 Bxb2 28. Kxb2 Ndc5 29. Rd2 h5 30. Be2 Na4+ 31. Kc2 Nec5 32. Rd8 axb5 33. cxb5 Nb6 34. Kb1 Be6 35. Rxa8 Nxa8 36. Rc1 Na4 37. Bc4 N4b6 38. Bxe6 fxe6 39. Kb2 Nd7 40. Rc8 1/2-1/2

[Event "Teplice op 7th"]
[Site "Teplice"]
[Date "2012.06.24"]
[Round "9"]
[White "Klakurka, Stanislav"]
[Black "Tejkal, Jiri"]
[Result "1/2-1/2"]
[WhiteElo "1970"]
[BlackElo "1909"]
[PlyCount "60"]
[EventDate "2012.06.16"]
[EventType "swiss"]
[EventRounds "9"]
[EventCountry "CZE"]
[SourceTitle "CBM 149 Extra"]
[Source "ChessBase"]
[SourceDate "2012.08.24"]
[SourceVersion "1"]
[SourceVersionDate "2012.08.24"]
[SourceQuality "1"]

1. d4 Nf6 2. Nf3 g6 3. c4 Bg7 4. Nc3 0-0 5. e4 d6 6. Be2 Nbd7 7. 0-0 c6 8. Re1 e5 9. dxe5 dxe5 10. Qc2 Qc7 11. h3 Nc5 12. Ng5 Ne6 13. Nxe6 Bxe6 14. Be3 b6 15. Rad1 Rfd8 16. Rxd8+ Rxd8 17. Rd1 Rxd1+ 18. Qxd1 Qd7 19. Qxd7 Nxd7 20. f3 Bf8 21. Kf2 Bc5 22. Na4 Bxe3+ 23. Kxe3 f6 24. h4 Kf7 25. b4 Ke7 26. g4 h6 27. a3 g5 28. h5 c5 29. b5 Kd6 30. Nc3 Bf7 1/2-1/2

[Event "Teplice op 7th"]
[Site "Teplice"]
[Date "2012.06.23"]
[Round "8"]
[White "Jedlicka, Ales"]
[Black "Klakurka, Stanislav"]
[Result "1-0"]
[WhiteElo "2215"]
[BlackElo "1970"]
[PlyCount "75"]
[EventDate "2012.06.16"]
[EventType "swiss"]
[EventRounds "9"]
[EventCountry "CZE"]
[SourceTitle "CBM 149 Extra"]
[Source "ChessBase"]
[SourceDate "2012.08.24"]
[SourceVersion "1"]
[SourceVersionDate "2012.08.24"]
[SourceQuality "1"]

1. d4 Nf6 2. c4 e6 3. g3 Bb4+ 4. Bd2 Bxd2+ 5. Qxd2 d5 6. Nf3 b6 7. Bg2 Bb7 8. 0-0 0-0 9. cxd5 exd5 10. Nc3 Nbd7 11. Rac1 Re8 12. Rfd1 c6 13. e3 Qe7 14. Ne1 Rad8 15. Nd3 Ne4 16. Qc2 a5 17. Nxe4 dxe4 18. Nf4 Nf6 19. Qb3 Qb4 20. Qxb4 axb4 21. h4 Nd5 22. Nxd5 Rxd5 23. f3 f5 24. fxe4 fxe4 25. Bf1 b5 26. Rc5 Ra8 27. Bg2 Rad8 28. Rxd5 cxd5 29. Bh3 Rd6 30. Bf1 Rc6 31. Bxb5 Rc2 32. Rf1 Rxb2 33. Bd7 h5 34. Be6+ Kh7 35. Rf7 b3 36. axb3 Rxb3 37. Rd7 Bc8 38. Bf5+ 1-0

[Event "Teplice op 7th"]
[Site "Teplice"]
[Date "2012.06.19"]
[Round "4"]
[White "Klakurka, Stanislav"]
[Black "Vnoucek, Pavel"]
[Result "1-0"]
[WhiteElo "1970"]
[BlackElo "1755"]
[PlyCount "77"]
[EventDate "2012.06.16"]
[EventType "swiss"]
[EventRounds "9"]
[EventCountry "CZE"]
[SourceTitle "CBM 149 Extra"]
[Source "ChessBase"]
[SourceDate "2012.08.24"]
[SourceVersion "1"]
[SourceVersionDate "2012.08.24"]
[SourceQuality "1"]

1. d4 Nf6 2. Nf3 g6 3. Bf4 Bg7 4. e3 d6 5. Bd3 0-0 6. 0-0 Nbd7 7. h3 Re8 8. e4 e5 9. dxe5 Nxe5 10. Nxe5 dxe5 11. Be3 Qe7 12. Nc3 Be6 13. Qf3 c6 14. Rfd1 h6 15. Bf1 g5 16. Qe2 g4 17. h4 Nh5 18. g3 f5 19. exf5 Bxf5 20. Bg2 Nf6 21. Qc4+ Be6 22. Qc5 Qxc5 23. Bxc5 Nd7 24. Be3 a6 25. Ne4 Bf8 26. Rxd7 Bxd7 27. Nf6+ Kf7 28. Nxd7 Bg7 29. Nc5 Re7 30. Rd1 Rae8 31. Ne4 Kg8 32. c4 Kh7 33. Nd6 Rd8 34. Be4+ Kg8 35. c5 Rc7 36. a4 a5 37. Rd3 Bf8 38. Bf5 Bxd6 39. cxd6 1-0

[Event "Teplice op 7th"]
[Site "Teplice"]
[Date "2012.06.17"]
[Round "2"]
[White "Klakurka, Stanislav"]
[Black "Johnova, Eliska"]
[Result "1/2-1/2"]
[WhiteElo "1970"]
[BlackElo "1790"]
[PlyCount "61"]
[EventDate "2012.06.16"]
[EventType "swiss"]
[EventRounds "9"]
[EventCountry "CZE"]
[SourceTitle "CBM 149 Extra"]
[Source "ChessBase"]
[SourceDate "2012.08.24"]
[SourceVersion "1"]
[SourceVersionDate "2012.08.24"]
[SourceQuality "1"]

1. d4 e6 2. e4 d5 3. Nd2 c5 4. exd5 exd5 5. Bb5+ Nc6 6. Qe2+ Be6 7. dxc5 Bxc5 8. Nb3 Bb6 9. Nf3 Nge7 10. 0-0 0-0 11. c3 Nf5 12. Bxc6 bxc6 13. Nbd4 Bd7 14. Nxf5 Bxf5 15. Nd4 Bd7 16. Qf3 c5 17. Nf5 Qf6 18. Nh6+ Kh8 19. Qxf6 gxf6 20. Bf4 Kg7 21. g4 Rfe8 22. Rfe1 Rad8 23. Kg2 d4 24. cxd4 cxd4 25. Nf5+ Kg6 26. Ne7+ Kg7 27. Kf3 Bc5 28. Nf5+ Kg6 29. Nh4+ Kg7 30. Nf5+ Kg6 31. Nh4+ 1/2-1/2

[Event "Jirasek Memorial op 23rd"]
[Site "Rakovnik"]
[Date "2011.08.07"]
[Round "2"]
[White "Elias, Miroslav"]
[Black "Klakurka, Stanislav"]
[Result "1/2-1/2"]
[WhiteElo "2121"]
[BlackElo "1939"]
[PlyCount "32"]
[EventDate "2011.08.06"]
[EventType "swiss"]
[EventRounds "9"]
[EventCountry "CZE"]
[SourceTitle "CBM 143 Extra"]
[Source "ChessBase"]
[SourceDate "2011.08.29"]
[SourceVersion "1"]
[SourceVersionDate "2011.08.29"]
[SourceQuality "1"]

1. Nf3 Nf6 2. d4 e6 3. c4 c5 4. d5 b5 5. dxe6 fxe6 6. cxb5 d5 7. e3 Bd6 8. Nc3 Nbd7 9. Be2 0-0 10. 0-0 Qe7 11. b3 Bb7 12. a4 e5 13. a5 Rad8 14. Na4 e4 15. Nd4 cxd4 16. exd4 e3 1/2-1/2

[Event "Jirasek Memorial op 23rd"]
[Site "Rakovnik"]
[Date "2011.08.06"]
[Round "1"]
[White "Klakurka, Stanislav"]
[Black "Hlavac, Rudolf"]
[Result "1-0"]
[WhiteElo "1939"]
[BlackElo "2064"]
[PlyCount "133"]
[EventDate "2011.08.06"]
[EventType "swiss"]
[EventRounds "9"]
[EventCountry "CZE"]
[SourceTitle "CBM 143 Extra"]
[Source "ChessBase"]
[SourceDate "2011.08.29"]
[SourceVersion "1"]
[SourceVersionDate "2011.08.29"]
[SourceQuality "1"]

1. d4 Nf6 2. Nf3 g6 3. c4 Bg7 4. Nc3 d5 5. cxd5 Nxd5 6. g3 0-0 7. Bg2 Nb6 8. 0-0 Nc6 9. e3 e5 10. dxe5 Qxd1 11. Rxd1 Nxe5 12. Nxe5 Bxe5 13. e4 c6 14. Bh6 Re8 15. Rd3 Be6 16. b3 f6 17. Rad1 Kf7 18. Be3 Bc7 19. f4 Rad8 20. Kf2 Rxd3 21. Rxd3 Rd8 22. Rxd8 Bxd8 23. Bf3 Nc8 24. g4 Ba5 25. Na4 b6 26. Ke2 c5 27. Kd3 Nd6 28. Nb2 Be1 29. Nc4 Ke7 30. e5 Nf7 31. exf6+ Kxf6 32. Nd2 Nd6 33. Ne4+ Nxe4 34. Kxe4 c4 35. Bd4+ Ke7 36. bxc4 Bxc4 37. a3 Bd2 38. Bb2 Bb5 39. Bd1 Bc6+ 40. Ke5 b5 41. Bd4 a5 42. Bb3 b4 43. f5 gxf5 44. gxf5 Bc3 45. Bxc3 bxc3 46. f6+ Kf8 47. Kd4 a4 48. Bc2 h6 49. Kxc3 Kf7 50. Kb4 Kxf6 51. Bxa4 Bf3 52. Kc5 Bg4 53. Bc2 Bd7 54. Bd3 Ba4 55. Kb6 Bd1 56. Bc4 Ke5 57. Bb3 Be2 58. Kc5 Ba6 59. a4 h5 60. a5 h4 61. Bc4 Bc8 62. Kc6 Kd4 63. Bb5 h3 64. Kc7 Kc5 65. Bf1 Bf5 66. a6 Be4 67. Bxh3 1-0

[Event "Teplice op 5th"]
[Site "Teplice"]
[Date "2010.06.12"]
[Round "1"]
[White "Neuman, Petr"]
[Black "Klakurka, Stanislav"]
[Result "1-0"]
[WhiteElo "2463"]
[BlackElo "1968"]
[PlyCount "51"]
[EventDate "2010.06.12"]
[EventType "swiss"]
[EventRounds "9"]
[EventCountry "CZE"]
[SourceTitle "CBM 136 Extra"]
[Source "ChessBase"]
[SourceDate "2010.07.02"]
[SourceVersion "2"]
[SourceVersionDate "2010.07.15"]
[SourceQuality "1"]

1. d4 Nf6 2. c4 e6 3. Nc3 Bb4 4. Qc2 Nc6 5. Nf3 d6 6. Bd2 0-0 7. a3 Bxc3 8. Bxc3 Re8 9. Rd1 Qe7 10. b4 e5 11. d5 Nb8 12. e4 Nbd7 13. g3 b6 14. Nh4 Nf8 15. Be2 g6 16. 0-0 Kg7 17. f4 Bh3 18. fxe5 dxe5 19. Rf2 N6d7 20. Ng2 f6 21. Ne3 h6 22. g4 Nh7 23. Bf1 Bxf1 24. Rdxf1 Kh8 25. h4 Qg7 26. Bd2 1-0

[Event "CZE-chT2b 0607"]
[Site "Czech Republic"]
[Date "2007.03.25"]
[Round "10"]
[White "Novy, Daniel"]
[Black "Klakurka, Stanislav"]
[Result "0-1"]
[WhiteElo "2086"]
[BlackElo "2025"]
[PlyCount "54"]
[EventDate "2006.10.15"]
[EventType "team"]
[EventRounds "11"]
[EventCountry "CZE"]
[SourceTitle "EXT 2009"]
[Source "ChessBase"]
[SourceDate "2008.11.26"]
[SourceVersion "1"]
[SourceVersionDate "2008.11.26"]
[SourceQuality "1"]

1. e4 e5 2. Nf3 Nc6 3. d4 exd4 4. Nxd4 Bc5 5. Be3 Qf6 6. c3 Nge7 7. Bc4 d6 8. 0-0 Bd7 9. Nb5 0-0-0 10. b4 Bxe3 11. fxe3 Qg5 12. Qd2 f5 13. N1a3 fxe4 14. Nxc7 d5 15. Nxd5 Nxd5 16. Bxd5 Bh3 17. c4 Nxb4 18. Rf2 Nxd5 19. cxd5 Rxd5 20. Qc2+ Kb8 21. Qxe4 Rhd8 22. Raf1 Rd1 23. Qf3 Rxf1+ 24. Rxf1 Be6 25. Rf2 Bd5 26. e4 Bxe4 27. Qxe4 Rd1+ 0-1

[Event "CZE-chT2b 0607"]
[Site "Czech Republic"]
[Date "2007.01.14"]
[Round "6"]
[White "Vrchotka, Josef"]
[Black "Klakurka, Stanislav"]
[Result "1-0"]
[WhiteElo "2071"]
[BlackElo "2025"]
[PlyCount "55"]
[EventDate "2006.10.15"]
[EventType "team"]
[EventRounds "11"]
[EventCountry "CZE"]
[SourceTitle "EXT 2009"]
[Source "ChessBase"]
[SourceDate "2008.11.26"]
[SourceVersion "1"]
[SourceVersionDate "2008.11.26"]
[SourceQuality "1"]

1. e4 e6 2. d4 d5 3. Nd2 Nf6 4. e5 Nfd7 5. f4 c5 6. c3 Nc6 7. Ndf3 cxd4 8. cxd4 Be7 9. Bd3 b6 10. Ne2 Nb4 11. Bb1 Ba6 12. a3 Nc6 13. 0-0 Qc7 14. f5 0-0-0 15. Bd3 Bxd3 16. Qxd3 Kb8 17. fxe6 fxe6 18. Bd2 Rc8 19. b4 Qb7 20. Bg5 Nf8 21. Bd2 Ng6 22. g3 Rc7 23. Rfb1 Rhc8 24. a4 Nd8 25. a5 Rc4 26. axb6 Qxb6 27. b5 Nb7 28. Ra6 1-0

[Event "CZE-chT2b 0607"]
[Site "Czech Republic"]
[Date "2006.11.19"]
[Round "3"]
[White "Klakurka, Stanislav"]
[Black "Sindler, Michal"]
[Result "0-1"]
[WhiteElo "2025"]
[BlackElo "2115"]
[PlyCount "86"]
[EventDate "2006.10.15"]
[EventType "team"]
[EventRounds "11"]
[EventCountry "CZE"]
[SourceTitle "EXT 2009"]
[Source "ChessBase"]
[SourceDate "2008.11.26"]
[SourceVersion "1"]
[SourceVersionDate "2008.11.26"]
[SourceQuality "1"]

1. e4 c5 2. c3 Nf6 3. e5 Nd5 4. d4 cxd4 5. cxd4 e6 6. Nf3 d6 7. exd6 Bxd6 8. Nc3 Nxc3 9. bxc3 0-0 10. Bd3 Nd7 11. 0-0 Re8 12. Re1 b6 13. Ng5 Nf6 14. Qf3 Rb8 15. Bxh7+ Kf8 16. Bc2 e5 17. dxe5 Rxe5 18. Rxe5 Bxe5 19. Ba3+ Kg8 20. Bb3 Rb7 21. Qe3 Ng4 22. Nxf7 Rxf7 23. Bxf7+ Kxf7 24. Qf3+ Nf6 25. Re1 Qc7 26. Qe3 Bxh2+ 27. Kh1 Bd6 28. Bxd6 Qxd6 29. Qe5 Qxe5 30. Rxe5 Ng4 31. Re2 Ba6 32. Rd2 Ke6 33. Rd4 Nxf2+ 34. Kh2 Bb7 35. Ra4 a5 36. Rc4 Bd5 37. Rc7 g6 38. Rg7 Ng4+ 39. Kg3 Ne5 40. a3 Be4 41. Rg8 Bc2 42. Rb8 Nc4 43. Kf4 Kd6 0-1

[Event "CZE-chT2b 0506"]
[Site "Czech Republic"]
[Date "2006.03.26"]
[Round "10"]
[White "Vrchotka, Josef"]
[Black "Klakurka, Stanislav"]
[Result "1/2-1/2"]
[WhiteElo "2070"]
[BlackElo "1989"]
[PlyCount "68"]
[EventDate "2005.10.16"]
[EventType "team"]
[EventRounds "11"]
[EventCountry "CZE"]
[SourceTitle "EXT 2009"]
[Source "ChessBase"]
[SourceDate "2008.11.26"]
[SourceVersion "1"]
[SourceVersionDate "2008.11.26"]
[SourceQuality "1"]

1. e4 e5 2. Nf3 Nc6 3. Nc3 Nf6 4. Bb5 Nd4 5. Ba4 Nxf3+ 6. Qxf3 c6 7. d3 d6 8. h3 Be6 9. Bd2 Nd7 10. Bb3 Nc5 11. Qg3 Qf6 12. f4 Qg6 13. Qf2 exf4 14. Bxf4 Be7 15. 0-0-0 Nxb3+ 16. axb3 Bg5 17. g3 0-0 18. Qe3 Bxf4 19. gxf4 f5 20. Rhg1 Qf6 21. Ne2 Kh8 22. e5 Qe7 23. Nd4 d5 24. c3 a6 25. Rg5 Rac8 26. Rdg1 g6 27. b4 a5 28. bxa5 c5 29. Nxe6 Qxe6 30. h4 d4 31. Qe1 c4 32. cxd4 cxd3+ 33. Kb1 Qb3 34. e6 Qc2+ 1/2-1/2

[Event "CZE-chT2b 0506"]
[Site "Czech Republic"]
[Date "2006.03.12"]
[Round "9.5"]
[White "Klakurka, Stanislav"]
[Black "Kozlovsky, Libor"]
[Result "1-0"]
[WhiteElo "1989"]
[BlackElo "2067"]
[PlyCount "121"]
[EventDate "2005.10.16"]
[EventType "team"]
[EventRounds "11"]
[EventCountry "CZE"]
[SourceTitle "EXT 2009"]
[Source "ChessBase"]
[SourceDate "2008.11.26"]
[SourceVersion "1"]
[SourceVersionDate "2008.11.26"]
[SourceQuality "1"]

1. Nf3 g5 2. Nxg5 Bg7 3. d4 c5 4. Nf3 cxd4 5. Nxd4 d5 6. g3 e5 7. Nf3 Nc6 8. c3 e4 9. Nd4 Nxd4 10. cxd4 Qb6 11. e3 Nf6 12. Nc3 0-0 13. Qb3 Qxb3 14. axb3 a6 15. Be2 Bh3 16. g4 Rad8 17. Rg1 h5 18. gxh5 Kh8 19. Bd2 Rg8 20. Rg3 Be6 21. 0-0-0 Bf8 22. Rdg1 Bd6 23. f4 exf3 24. Rxg8+ Rxg8 25. Rxg8+ Kxg8 26. Bxf3 Bxh2 27. Be1 Bg1 28. Kd2 Ng4 29. Nxd5 Bxd5 30. Bxg4 Bh2 31. b4 Kg7 32. Bh4 Kh6 33. Kd3 Be6 34. Bf3 f5 35. Bf6 Bd6 36. Bxb7 Bxb4 37. Bxa6 Kxh5 38. Bc4 Bd7 39. d5 Kg6 40. Bc3 Bd6 41. Ba6 f4 42. e4 f3 43. Bd4 Bg3 44. Ke3 Bg4 45. Bf1 Kf7 46. e5 f2 47. b4 Ke8 48. b5 Kd7 49. b6 Kc8 50. Kd3 Kb7 51. e6 Bh4 52. Bc5 Bf3 53. Kc4 Bg4 54. Bd4 Bg3 55. Kc5 Bh5 56. d6 Bg4 57. d7 Bh4 58. Kd6 Bg3+ 59. Be5 Bh4 60. Bg2+ Kxb6 61. e7 1-0

[Event "CZE-chT2b 0506"]
[Site "Czech Republic"]
[Date "2005.11.20"]
[Round "3"]
[White "Klakurka, Stanislav"]
[Black "Novacek, Jan"]
[Result "1/2-1/2"]
[WhiteElo "1985"]
[BlackElo "2115"]
[PlyCount "63"]
[EventDate "2005.10.16"]
[EventType "team"]
[EventRounds "11"]
[EventCountry "CZE"]
[SourceTitle "EXT 2009"]
[Source "ChessBase"]
[SourceDate "2008.11.26"]
[SourceVersion "1"]
[SourceVersionDate "2008.11.26"]
[SourceQuality "1"]

1. d4 d5 2. Nf3 c6 3. c4 e6 4. cxd5 exd5 5. Nc3 Nd7 6. Bf4 Ngf6 7. e3 Be7 8. h3 0-0 9. Bd3 Re8 10. 0-0 Nf8 11. Qc2 Bd6 12. Bxd6 Qxd6 13. Ne5 N6d7 14. Nxd7 Bxd7 15. Ne2 g6 16. b4 Ne6 17. Rfb1 a6 18. a4 Rac8 19. Qd2 Ng5 20. Ng3 Bxh3 21. b5 axb5 22. axb5 c5 23. dxc5 Rxc5 24. Qb2 Bd7 25. Ne2 Ne4 26. Rc1 Rxc1+ 27. Rxc1 Nc5 28. Bb1 b6 29. Rd1 Qe5 30. Qxe5 Rxe5 31. Nc3 Kf8 32. Rxd5 1/2-1/2

[Event "Nachod op 9th"]
[Site "Nachod"]
[Date "2003.??.??"]
[Round "6"]
[White "Klakurka, Stanislav"]
[Black "Kotyza, Bohumil"]
[Result "1/2-1/2"]
[WhiteElo "1990"]
[BlackElo "1840"]
[PlyCount "28"]
[EventDate "2003.??.??"]
[EventType "swiss"]
[EventRounds "9"]
[EventCountry "CZE"]
[SourceTitle "EXT 2007"]
[Source "ChessBase"]
[SourceDate "2006.11.23"]
[SourceVersion "1"]
[SourceVersionDate "2006.11.23"]
[SourceQuality "1"]

1. e4 e6 2. d4 d5 3. Nc3 dxe4 4. Nxe4 Nd7 5. Nf3 Ngf6 6. Nxf6+ Nxf6 7. Bd3 Be7 8. 0-0 0-0 9. c3 b6 10. Ne5 Bb7 11. Bg5 h6 12. Bh4 Ne4 13. Bxe7 Qxe7 14. Qf3 Nc5 1/2-1/2

[Event "Nachod op 8th"]
[Site "Nachod"]
[Date "2002.??.??"]
[Round "3"]
[White "Klakurka, Stanislav"]
[Black "Korinek, Pavel"]
[Result "1-0"]
[WhiteElo "1995"]
[BlackElo "1810"]
[PlyCount "43"]
[EventDate "2002.??.??"]
[EventType "swiss"]
[EventRounds "9"]
[EventCountry "CZE"]
[SourceTitle "EXT 2007"]
[Source "ChessBase"]
[SourceDate "2006.11.23"]
[SourceVersion "1"]
[SourceVersionDate "2006.11.23"]
[SourceQuality "1"]

1. e4 e5 2. Nf3 Nc6 3. d4 exd4 4. Bc4 Bc5 5. c3 Qe7 6. 0-0 d3 7. b4 Bb6 8. e5 d5 9. exd6 Qxd6 10. Re1+ Nge7 11. Ng5 d2 12. Qxd2 Qxd2 13. Nxd2 f6 14. Ngf3 Bg4 15. b5 Nd8 16. Ba3 c5 17. bxc6 Ndxc6 18. Ne4 Kd7 19. Rad1+ Kc7 20. Bd6+ Kc8 21. Bxe7 Nxe7 22. Nd6+ 1-0

[Event "Nachod op 8th"]
[Site "Nachod"]
[Date "2002.??.??"]
[Round "4"]
[White "Kotyza, Bohumil"]
[Black "Klakurka, Stanislav"]
[Result "1/2-1/2"]
[WhiteElo "1835"]
[BlackElo "1995"]
[PlyCount "21"]
[EventDate "2002.??.??"]
[EventType "swiss"]
[EventRounds "9"]
[EventCountry "CZE"]
[SourceTitle "EXT 2007"]
[Source "ChessBase"]
[SourceDate "2006.11.23"]
[SourceVersion "1"]
[SourceVersionDate "2006.11.23"]
[SourceQuality "1"]

1. c4 Nf6 2. Nf3 c5 3. Nc3 Nc6 4. g3 g6 5. Bg2 Bg7 6. 0-0 0-0 7. b3 Rb8 8. Bb2 a6 9. Qc1 d6 10. d3 Bd7 11. h3 1/2-1/2